| 000 | 00899cam a2200229 4500 | ||
|---|---|---|---|
| 008 | 000000n2000 000 0 eng u | ||
| 035 | _a(Sirsi) u108153 | ||
| 245 | _aBuilders put their faith back in timber | ||
| 260 | _c2000 | ||
| 490 |
_aSunday Business _v3 September 2000, 38(1) |
||
| 520 | _aReports on a revival of timber frame house construction. A recruitment crisis in the construction industry has prompted a renewed emphasis on alternative production methods, with two of Britain's largest housebuilders, Beazer and Wilson Bowden, investing millions in the technology used to make timber frames. | ||
| 590 | _aWB | ||
| 650 | _aHOUSING | ||
| 650 | _aHOUSE BUILDING | ||
| 650 | _aCONSTRUCTION PROCESS | ||
| 650 | _aTIMBER FRAMES | ||
| 650 | _aBEAZER | ||
| 650 | _aWILSON BOWDEN | ||
| 650 | _aWORLD IN ACTION | ||
| 690 | _aBUILT ENVIRONMENT-CONSTRUCTION DESIGN | ||
| 942 | _n0 | ||
| 999 |
_c64595 _d64595 |
||